Handbook of plastics testing technology (Record no. 38471)

MARC details
000 -LEADER
fixed length control field 00324nam a2200121Ia 4500
082 ## - DEWEY DECIMAL CLASSIFICATION NUMBER
Classification number 678.5:678.01(035)
Item number VIS
100 ## - MAIN ENTRY--AUTHOR NAME
Personal name Vishu Sha
245 #0 - TITLE STATEMENT
Title Handbook of plastics testing technology
260 ## - PUBLICATION, DISTRIBUTION, ETC. (IMPRINT)
Place of publication New York
Name of publisher John Wiley
Year of publication 1984
650 ## - SUBJECT ADDED ENTRY--TOPICAL TERM
Topical Term Plastics testing
942 ## - ADDED ENTRY ELEMENTS (KOHA)
Koha item type Books
Holdings
Withdrawn status Lost status Damaged status Not for loan Home library Current library Date acquired Cost, normal purchase price Full call number Accession Number Koha item type
        RRII Library RRII Library 16/12/2021 69.95 678.5:678.01(035) VIS 18828 Books